Moslimská menšina v Európe - problémy identity
Problémy spojené s migráciou obyvateľstva a s nimi súvisiaci problém moslimskej menšiny žijúcej na teritóriu krajín Európskej únie. Islamská tradícia ako legitímna súčasť európskeho politického života a európskej kultúry. Vytváranie enkláv ako brzda pri asimilácii arabských občanov v krajine. Moslim...
Enregistré dans:
| Auteur principal: | |
|---|---|
| Format: | Chapitre de livre |
| Langue: | slovaque |
| Sujets: | |
| Tags: |
Pas de tags, Soyez le premier à ajouter un tag!
|
MARC
| LEADER | 00000naa$a2200000$$$4500 | ||
|---|---|---|---|
| 001 | 0056550 | ||
| 005 | 20240502083139.1 | ||
| 041 | 0 | |a slo | |
| 044 | |a CZ | ||
| 245 | 1 | 0 | |a Moslimská menšina v Európe - problémy identity |c Ján Liďák |
| 520 | |a Problémy spojené s migráciou obyvateľstva a s nimi súvisiaci problém moslimskej menšiny žijúcej na teritóriu krajín Európskej únie. Islamská tradícia ako legitímna súčasť európskeho politického života a európskej kultúry. Vytváranie enkláv ako brzda pri asimilácii arabských občanov v krajine. Moslimská menšina ako rôznorodý konglomerát z hľadiska etnického, národnostného aj náboženského. Spoločné znaky a vlastnosti moslimskej komunity v Európe. Otázky spojenia islamu s európskymi hodnotami a európskou identitou. Najčastejšie príčiny nespokojnosti a rasových nepokojov. Podiel cudzincov v jednotlivých európskych krajinách na celkovom počte populácie. | ||
| 610 | 2 | 0 | |a národ |
| 610 | 2 | 0 | |a národnosti |
| 610 | 2 | 0 | |a menšiny národnostné |
| 610 | 2 | 0 | |a náboženstvo |
| 610 | 2 | 0 | |a islam |
| 610 | 2 | 0 | |a konflikty náboženské |
| 610 | 2 | 0 | |a konflikty etnické |
| 610 | 2 | 0 | |a migrácia |
| 610 | 2 | 0 | |a Arabi |
| 610 | 2 | 0 | |a Európa |
| 610 | 2 | 0 | |a práva ľudské |
| 610 | 2 | 0 | |a identita |
| 100 | 1 | |a Liďák, Ján | |